000
00328pab a2200145 454500
008
180718b1988 xxu||||| |||| 00| 0 eng d
100
_a
Ranjan, Subhanshu
245
_a
Freedom and accountability
260
_c
1988
300
_a
16-17
362
_a
2 Jan.
650
_a
Civil Liberties
773
_a
Mainstream
909
_a
5637
999
_c
5637
_d
5637